[Event "Titled Tue 17th Jun Late"]
[Site "chess.com INT"]
[Date "2025.06.17"]
[Round "7"]
[White "Matinian, Nikita"]
[Black "Chocenka, Dmitrijus"]
[Result "1-0"]
[WhiteTitle "GM"]
[BlackTitle "FM"]
[WhiteElo "2421"]
[BlackElo "2314"]
[WhiteFideId "24129100"]
[BlackFideId "12802336"]
[EventDate "2025.06.17"]

1. e4 c5 2. Nf3 Nc6 3. Nc3 d6 4. d4 cxd4 5. Nxd4 e5 6. Nf5 g6 7. Ne3 Nf6 8. Bc4
a6 9. Ned5 Nxd5 10. Nxd5 b5 11. Bb3 Bg7 12. h4 Be6 13. Bg5 f6 14. Nxf6+ Bxf6 15.
Bxe6 Bxg5 16. hxg5 Nd4 17. Bd5 Rc8 18. c3 Nc6 19. Qf3 Rf8 20. Qg4 Ne7 21. Be6
Rf4 22. Rxh7 Rxg4 23. Rh8+ Ng8 24. Rxg8+ Ke7 25. Rxd8 Rxe4+ 26. Kd2 Rxd8 27. Bh3
d5 28. f3 Rh4 29. Bg4 Kd6 30. a4 Kc5 31. axb5 axb5 32. Ra6 d4 33. Rxg6 dxc3+ 34.
Kxc3 b4+ 35. Kc2 Rh2 36. Bh3 Rh1 37. Re6 1-0

[Event "Titled Tue 17th Jun Late"]
[Site "chess.com INT"]
[Date "2025.06.17"]
[Round "7"]
[White "Davtyan, Artur"]
[Black "Manukyan, Sargis A."]
[Result "0-1"]
[WhiteTitle "IM"]
[BlackTitle "FM"]
[WhiteElo "2472"]
[BlackElo "2294"]
[WhiteFideId "13308327"]
[BlackFideId "13303970"]
[EventDate "2025.06.17"]

1. d4 d5 2. c4 e6 3. Nc3 Nf6 4. cxd5 Nxd5 5. e4 Nxc3 6. bxc3 c5 7. Nf3 cxd4 8.
cxd4 Bb4+ 9. Bd2 Bxd2+ 10. Qxd2 O-O 11. Bc4 Nd7 12. O-O b6 13. Rfe1 Bb7 14. Rad1
Rc8 15. Bb3 Re8 16. h3 h6 17. Re3 b5 18. Qe2 Qb6 19. Ne5 Nxe5 20. dxe5 Red8 21.
Rxd8+ Rxd8 22. Qg4 Qd4 23. Qf4 Qd2 24. Qg4 Qb2 25. Qf4 Qc1+ 26. Kh2 Rd3 27. Kg3
Rxe3+ 28. fxe3 a5 29. a4 Qb1 30. Bxe6 fxe6 31. Qg4 Qxe4 32. Qxe6+ Kh7 33. Kf2
bxa4 34. Qe7 Qxg2+ 35. Ke1 Bf3 0-1

[Event "Titled Tue 17th Jun Late"]
[Site "chess.com INT"]
[Date "2025.06.17"]
[Round "7"]
[White "Liu, Xiangyi"]
[Black "Yanev, Tihomir"]
[Result "1-0"]
[WhiteTitle "IM"]
[BlackTitle "IM"]
[WhiteElo "2370"]
[BlackElo "2354"]
[WhiteFideId "8605718"]
[BlackFideId "2910110"]
[EventDate "2025.06.17"]

1. b3 e5 2. Bb2 Nc6 3. g3 d5 4. Bg2 Nf6 5. d3 h5 6. Nd2 h4 7. gxh4 Bc5 8. Ngf3
Qe7 9. e3 Bg4 10. h3 Bh5 11. Qc1 O-O-O 12. a4 e4 13. Ng5 exd3 14. cxd3 Bxe3 15.
O-O Bd4 16. Re1 Qd6 17. Ndf3 Bxb2 18. Qxb2 d4 19. a5 a6 20. Nd2 Nd5 21. Nde4 Qf4
22. Rac1 Qxh4 23. Rxc6 bxc6 24. Qxd4 Nf4 25. Qa7 Nxg2 26. Nc5 1-0

[Event "Titled Tue 17th Jun Late"]
[Site "chess.com INT"]
[Date "2025.06.17"]
[Round "7"]
[White "Steinberg, Nitzan"]
[Black "Rogov, Matfey"]
[Result "1-0"]
[WhiteTitle "GM"]
[BlackTitle "FM"]
[WhiteElo "2554"]
[BlackElo "2348"]
[WhiteFideId "2801795"]
[BlackFideId "44191308"]
[EventDate "2025.06.17"]

1. e4 e5 2. Nf3 Nc6 3. Bc4 Bc5 4. c3 Nf6 5. d3 d6 6. a4 a5 7. h3 h6 8. O-O Ba7
9. Re1 g5 10. Be3 g4 11. hxg4 Bxg4 12. Nbd2 Qd7 13. Qb3 Rg8 14. Nh4 Bh3 15. g3
Ng4 16. Bxa7 Rxa7 17. Ndf3 Nd8 18. Nf5 Ne6 19. d4 Ng5 20. Nxg5 Rxg5 21. Rad1 h5
22. Rd2 h4 23. Nxh4 Rh5 24. Nf5 f6 25. Bb5 c6 26. Qg8# 1-0

[Event "Titled Tue 17th Jun Late"]
[Site "chess.com INT"]
[Date "2025.06.17"]
[Round "7"]
[White "Ameir, Moheb"]
[Black "Mayaud, Raphael"]
[Result "1-0"]
[WhiteTitle "IM"]
[BlackTitle "CM"]
[WhiteElo "2364"]
[BlackElo "2126"]
[WhiteFideId "10600620"]
[BlackFideId "627151"]
[EventDate "2025.06.17"]

1. e4 c6 2. d4 d5 3. Nc3 dxe4 4. Nxe4 Nf6 5. Nxf6+ exf6 6. Nf3 Bd6 7. Be2 O-O 8.
Be3 Re8 9. Qd2 Be6 10. c4 Na6 11. O-O Nc7 12. Rad1 a6 13. h3 Qd7 14. Rfe1 Rad8
15. Bf1 g6 16. b3 Bf8 17. Qc3 Bg7 18. Qc2 Bf5 19. Qc1 Be4 20. Nd2 Bf5 21. Kh2
Re7 22. g3 Rde8 23. Bg2 Be6 24. Ne4 b6 25. Nc3 f5 26. d5 cxd5 27. cxd5 Nxd5 28.
Nxd5 f4 1-0

[Event "Titled Tue 17th Jun Late"]
[Site "chess.com INT"]
[Date "2025.06.17"]
[Round "7"]
[White "Yazici, Ugur Doga"]
[Black "Garzon Zapatanga, Christopher Leonel"]
[Result "1-0"]
[WhiteTitle "CM"]
[BlackTitle "FM"]
[WhiteElo "2161"]
[BlackElo "2155"]
[WhiteFideId "6363342"]
[BlackFideId "3634787"]
[EventDate "2025.06.17"]

1. e4 c5 2. Nf3 d6 3. Bb5+ Bd7 4. Bxd7+ Qxd7 5. O-O Nf6 6. e5 dxe5 7. Nxe5 Qc7
8. d4 e6 9. Bf4 Bd6 10. Na3 Nd5 11. Nb5 Qb6 12. Nc4 Bxf4 13. Nxb6 axb6 14. g3
Bg5 15. c4 Ra5 16. dxc5 O-O 17. cxb6 Nxb6 18. b3 Nc6 19. Qe2 Bf6 20. Rad1 Rfa8
21. a4 h6 22. Rd6 Be7 23. Rd2 Bb4 24. Rd3 Na7 25. Rfd1 Nxb5 26. axb5 Ra2 27. Qe4
Bc5 28. Rd8+ Rxd8 29. Rxd8+ Bf8 30. Qxb7 1-0

[Event "Titled Tue 17th Jun Late"]
[Site "chess.com INT"]
[Date "2025.06.17"]
[Round "7"]
[White "Graif, William"]
[Black "Ilinca, Felix-Antonio"]
[Result "0-1"]
[WhiteTitle "FM"]
[BlackTitle "IM"]
[WhiteElo "2211"]
[BlackElo "2431"]
[WhiteFideId "2609835"]
[BlackFideId "54764998"]
[EventDate "2025.06.17"]

1. e4 c6 2. d4 d5 3. Nc3 dxe4 4. Bc4 Nf6 5. f3 exf3 6. Nxf3 g6 7. Ne5 e6 8. O-O
Bg7 9. Bg5 h6 10. Bxf6 Bxf6 11. Ne4 Bxe5 12. dxe5 Qxd1 13. Raxd1 Ke7 14. Rf3 Nd7
15. Rxd7+ Bxd7 16. Nd6 f5 17. Nxb7 Rab8 18. Rb3 Bc8 19. Nd6 Rxb3 20. Bxb3 Bd7
21. Kf2 c5 22. Ke3 Bc6 23. g3 g5 24. Kd3 Rf8 25. Kc4 f4 26. Kxc5 Bd5 27. c4 Ba8
28. Bc2 f3 29. Bd3 f2 30. Bf1 Rf3 31. Kd4 h5 32. b4 h4 33. gxh4 gxh4 34. b5 Ra3
35. c5 Rxa2 36. c6 Kd8 37. Ke3 Kc7 38. Be2 f1=Q 39. Bxf1 Rxh2 40. Kd4 h3 41. Kc5
Rc2+ 42. Kd4 h2 43. Ne8+ Kb6 44. c7 Rxc7 45. Nxc7 Kxc7 0-1

[Event "Titled Tue 17th Jun Late"]
[Site "chess.com INT"]
[Date "2025.06.17"]
[Round "7"]
[White "Yatskar, Martin"]
[Black "Unver, Cumayi"]
[Result "1-0"]
[WhiteTitle "CM"]
[WhiteElo "2225"]
[BlackElo "2012"]
[WhiteFideId "34109676"]
[BlackFideId "6304940"]
[EventDate "2025.06.17"]

1. d4 Nf6 2. c4 c5 3. d5 b5 4. cxb5 a6 5. e3 g6 6. Nc3 Bg7 7. a4 d6 8. e4 O-O 9.
Bc4 e6 10. dxe6 Bxe6 11. Bxe6 fxe6 12. Qe2 axb5 13. Nxb5 d5 14. e5 Ne4 15. Nf3
Qa5+ 16. Bd2 Nxd2 17. Qxd2 Qxb5 18. axb5 Rxa1+ 19. Ke2 Rxh1 20. Qa5 Rb1 21. Qa2
Rc1 22. Kd2 Rf1 23. Ke2 Rc1 24. Kd2 Bh6+ 25. Kd3 Nd7 26. Qa7 c4+ 27. Kd4 Rd1+
28. Kc3 Rd3+ 29. Kc2 Rdxf3 30. gxf3 Nxe5 31. b6 Bf4 32. Qe7 Nxf3 33. Qxe6+ Kg7
34. Qxd5 Ne1+ 35. Kc3 Nd3 36. Kxc4 Nxb2+ 37. Kb3 Rf6 38. Qd7+ Kh6 39. Qd4 1-0

[Event "Titled Tue 17th Jun Late"]
[Site "chess.com INT"]
[Date "2025.06.17"]
[Round "7"]
[White "Volodin, Alexandr E."]
[Black "Tymrakiewicz, Rafal"]
[Result "1-0"]
[WhiteTitle "FM"]
[BlackTitle "FM"]
[WhiteElo "2344"]
[BlackElo "2206"]
[WhiteFideId "34268871"]
[BlackFideId "1108832"]
[EventDate "2025.06.17"]

1. d4 d5 2. Nc3 c6 3. Bf4 Qb6 4. Rb1 Bf5 5. e3 e6 6. Nf3 Nd7 7. Bd3 Ngf6 8. O-O
Be7 9. Ne5 Nxe5 10. Bxe5 O-O 11. Bxf5 exf5 12. Bxf6 Bxf6 13. Qf3 g6 14. g4 Rae8
15. gxf5 Qc7 16. Kh1 b5 17. Rg1 Kh8 18. Ne2 Re4 19. Nf4 Qd6 20. c3 Rg8 21. Rg4
Bd8 22. Rbg1 Bc7 23. R1g2 Ree8 24. Qh3 Bd8 25. fxg6 fxg6 26. Nxg6+ Rxg6 27. Rxg6
Qf8 28. Rg7 1-0

[Event "Titled Tue 17th Jun Late"]
[Site "chess.com INT"]
[Date "2025.06.17"]
[Round "7"]
[White "Schmider, Niklas"]
[Black "Ivashentseva, Dominika"]
[Result "1-0"]
[WhiteTitle "IM"]
[BlackTitle "WCM"]
[WhiteElo "2421"]
[BlackElo "1969"]
[WhiteFideId "12993778"]
[BlackFideId "34331050"]
[EventDate "2025.06.17"]

1. e4 c5 2. Nf3 Nc6 3. c3 g6 4. d4 cxd4 5. cxd4 Bg7 6. h3 e6 7. Nc3 d5 8. e5
Nge7 9. Be2 O-O 10. O-O f6 11. exf6 Bxf6 12. Re1 Nf5 13. Be3 Nxe3 14. fxe3 Bh4
15. Rf1 Bd7 16. Nxh4 Qxh4 17. Bb5 Qg3 18. Qe2 a6 19. Bxc6 Bxc6 20. Qd2 b5 21.
Ne2 Qg5 22. Rxf8+ Rxf8 23. Nf4 e5 24. Ne6 Qg3 25. Nxf8 Kxf8 26. Qf2+ Qxf2+ 27.
Kxf2 exd4 28. exd4 Ke7 29. Rc1 Kd6 30. Ke3 Bd7 31. Kf4 h6 32. h4 Bf5 33. h5 Be4
34. hxg6 Bxg6 35. Rh1 h5 36. g4 Ke6 37. Rxh5 Bb1 38. Rh6+ Kf7 39. Rxa6 Bd3 40.
b4 Be4 41. Ke5 Kg7 42. a3 Kf7 43. Rf6+ Ke7 44. g5 Kd7 45. g6 Kc7 46. g7 Bh7 47.
Rh6 Bg8 48. Rh8 Bf7 49. Kf6 Kc6 50. Kxf7 Kd6 51. g8=Q Kd7 52. Qb8 Kc6 53. Rh6+
Kd7 54. Rd6# 1-0

[Event "Titled Tue 17th Jun Late"]
[Site "chess.com INT"]
[Date "2025.06.17"]
[Round "7"]
[White "Fedunov, Danil"]
[Black "Schracke, Guido"]
[Result "1-0"]
[BlackTitle "CM"]
[WhiteElo "1917"]
[BlackElo "2138"]
[WhiteFideId "2006413"]
[BlackFideId "4637054"]
[EventDate "2025.06.17"]

1. e4 c5 2. Nf3 Nc6 3. d4 cxd4 4. Nxd4 e5 5. Nb3 Qh4 6. Bd3 Nf6 7. Qe2 d5 8.
exd5 Nxd5 9. O-O Bd6 10. Qe4 Qe7 11. Qxd5 O-O 12. Nc3 Be6 13. Qe4 f5 14. Qe2 e4
15. Bc4 Rf6 16. Nd5 Bxd5 17. Bxd5+ Kh8 18. Bg5 Qe5 19. f4 Qxd5 20. Bxf6 gxf6 21.
Rad1 Qe6 22. Kh1 Rg8 23. Qd2 Bb8 24. Qd7 Qc4 25. Qxf5 e3 26. Na5 Qe2 27. Rg1 Rg6
28. Nxc6 bxc6 29. Rd8+ Kg7 30. Rxb8 Rxg2 31. Rxg2+ 1-0

[Event "Titled Tue 17th Jun Late"]
[Site "chess.com INT"]
[Date "2025.06.17"]
[Round "7"]
[White "Guarin Fonseca, Nobel Alfredo"]
[Black "Arabidze, Meri"]
[Result "1-0"]
[WhiteTitle "FM"]
[BlackTitle "IM"]
[WhiteElo "2035"]
[BlackElo "2440"]
[WhiteFideId "4477731"]
[BlackFideId "13604040"]
[EventDate "2025.06.17"]

1. d4 Nf6 2. e3 g6 3. Nf3 Bg7 4. Be2 c5 5. O-O b6 6. c4 O-O 7. Nc3 cxd4 8. exd4
d5 9. b3 Bb7 10. Bb2 Nc6 11. Ne5 Na5 12. Bf3 Rc8 13. Re1 a6 14. Rc1 e6 15. cxd5
Nxd5 16. Nxd5 Rxc1 17. Qxc1 Bxd5 18. Bxd5 Qxd5 19. Qc7 Qb7 20. Rc1 Qxc7 21. Rxc7
Bxe5 22. dxe5 Rd8 23. g3 g5 24. b4 Rd2 25. Bc1 Rd1+ 26. Kg2 Nb7 27. Bxg5 1-0

[Event "Titled Tue 17th Jun Late"]
[Site "chess.com INT"]
[Date "2025.06.17"]
[Round "7"]
[White "Tamames Soria, Cesar Manuel"]
[Black "Vazelakis, Dimitrios"]
[Result "1-0"]
[WhiteTitle "IM"]
[WhiteElo "2221"]
[BlackElo "1857"]
[WhiteFideId "3529169"]
[BlackFideId "4203674"]
[EventDate "2025.06.17"]

1. e4 Nf6 2. e5 Nd5 3. d4 d6 4. c4 Nb6 5. exd6 cxd6 6. Nc3 g6 7. Be3 Bg7 8. Rc1
O-O 9. b3 Bf5 10. Nf3 Nc6 11. Be2 e5 12. dxe5 dxe5 13. Qxd8 Rfxd8 14. c5 Nd5 15.
Nxd5 Rxd5 16. Bc4 Rd7 17. O-O h6 18. Rfd1 Rad8 19. Rxd7 Rxd7 20. h3 Nd4 21. Nd2
Bf8 22. b4 Nc2 23. Nf1 Nxe3 24. Nxe3 Rd2 25. a4 a5 26. bxa5 Bd3 27. a6 bxa6 28.
c6 Bf5 29. Nxf5 gxf5 30. c7 1-0

[Event "Titled Tue 17th Jun Late"]
[Site "chess.com INT"]
[Date "2025.06.17"]
[Round "7"]
[White "Moroni, Luca Jr"]
[Black "Jakubowski, Krzysztof"]
[Result "0-1"]
[WhiteTitle "GM"]
[BlackTitle "GM"]
[WhiteElo "2549"]
[BlackElo "2448"]
[WhiteFideId "865834"]
[BlackFideId "1112848"]
[EventDate "2025.06.17"]

1. d4 Nf6 2. Bf4 b6 3. Nc3 Bb7 4. f3 d5 5. e4 e6 6. Nb5 Na6 7. e5 Nd7 8. c3 Be7
9. a4 O-O 10. h4 c6 11. Na3 c5 12. Nc2 cxd4 13. cxd4 Nb4 14. Nxb4 Bxb4+ 15. Kf2
Rc8 16. Bd3 Rc7 17. Nh3 Re8 18. h5 Qc8 19. h6 g6 20. Rc1 Bc6 21. Ng5 Qb7 22. Qb3
a5 23. Rc2 Rec8 24. Bc1 Nb8 25. Bb5 Bf8 26. Kg3 Nd7 27. Qe3 Bxb5 28. Rxc7 Qxc7 0-1

[Event "Titled Tue 17th Jun Late"]
[Site "chess.com INT"]
[Date "2025.06.17"]
[Round "7"]
[White "Khenkin, Igor"]
[Black "Gerbelli Neto, Eduardo"]
[Result "1-0"]
[WhiteTitle "GM"]
[WhiteElo "2499"]
[BlackElo "2114"]
[WhiteFideId "4659600"]
[BlackFideId "2103281"]
[EventDate "2025.06.17"]

1. e4 e5 2. Nf3 Nc6 3. Bc4 Nf6 4. d3 Bc5 5. Nc3 d6 6. Bg5 h6 7. Bxf6 Qxf6 8. Nd5
Qd8 9. c3 a5 10. d4 Ba7 11. dxe5 Nxe5 12. Nxe5 dxe5 13. Qh5 O-O 14. Qxe5 Re8 15.
Qf4 Be6 16. O-O-O Bxd5 17. Bxd5 Qe7 18. Bxb7 Rab8 19. Bc6 Red8 20. f3 Qc5 21.
Rxd8+ Rxd8 22. Bd5 Rd7 23. Rd1 Qe3+ 24. Qxe3 Bxe3+ 25. Kc2 Kf8 26. Rd3 Bf4 27.
g3 Bd6 28. Bc6 Re7 29. f4 f6 30. a4 g5 31. Rd5 gxf4 32. gxf4 Bxf4 33. Rxa5 Bxh2
34. Ra8+ Kg7 35. a5 Bg1 36. a6 h5 37. a7 Bxa7 38. Rxa7 h4 39. Ra1 Re5 40. Rh1
Rh5 41. Bd7 1-0

[Event "Titled Tue 17th Jun Late"]
[Site "chess.com INT"]
[Date "2025.06.17"]
[Round "7"]
[White "Bacrot, Etienne"]
[Black "Caruana, Fabiano"]
[Result "0-1"]
[WhiteTitle "GM"]
[BlackTitle "GM"]
[WhiteElo "2633"]
[BlackElo "2777"]
[WhiteFideId "605506"]
[BlackFideId "2020009"]
[EventDate "2025.06.17"]

1. e4 e5 2. Nf3 Nc6 3. Bb5 a6 4. Ba4 Nge7 5. O-O Ng6 6. c3 d5 7. exd5 Qxd5 8.
Re1 Bg4 9. d4 O-O-O 10. Bb3 Qd7 11. d5 Na5 12. h3 Bxf3 13. Qxf3 Nxb3 14. axb3
Qxd5 15. Qf5+ Qd7 16. Qh5 f5 17. Bg5 Re8 18. Nd2 Bc5 19. b4 Ba7 20. Nc4 e4 21.
Red1 Qe6 22. b3 Kb8 23. Ra5 f4 24. b5 e3 25. fxe3 fxe3 26. Qe2 h6 27. bxa6 hxg5
28. axb7 Nf4 29. Qf2 exf2+ 0-1

[Event "Titled Tue 17th Jun Late"]
[Site "chess.com INT"]
[Date "2025.06.17"]
[Round "7"]
[White "Londono Lopez, Donaldo"]
[Black "Antoniou, Rafail"]
[Result "1-0"]
[WhiteTitle "FM"]
[BlackTitle "CM"]
[WhiteElo "2186"]
[BlackElo "2134"]
[WhiteFideId "4462009"]
[BlackFideId "5904390"]
[EventDate "2025.06.17"]

1. e4 c5 2. Nf3 e6 3. d4 cxd4 4. Nxd4 Nf6 5. Nc3 Nc6 6. Ndb5 Bc5 7. Nd6+ Ke7 8.
Bf4 e5 9. Nf5+ Kf8 10. Bg5 d6 11. Ne3 h6 12. Bxf6 Qxf6 13. Ncd5 Qh4 14. Bd3 Be6
15. O-O Rc8 16. c3 g6 17. Qe2 Kg7 18. Rfd1 Rhd8 19. a4 Bxe3 20. Nxe3 Ne7 21. g3
Qh3 22. Bc4 h5 23. Bxe6 Qxe6 24. Nd5 h4 25. Nxe7 Qxe7 26. Rd3 hxg3 27. fxg3 Rh8
28. Rad1 Rcd8 29. Qf2 Qe6 30. Qxa7 Rh3 31. Rf1 Rdh8 32. Rd2 Qc4 33. Qxb7 Qc5+
34. Rff2 Rxh2 35. Qxf7+ Kh6 36. Kxh2 Kg5+ 37. Kg2 Qe3 38. Qf6+ Kh5 39. Qxh8+ 1-0

[Event "Titled Tue 17th Jun Late"]
[Site "chess.com INT"]
[Date "2025.06.17"]
[Round "7"]
[White "Fikiet, Alex"]
[Black "Halynyazov, Vepaly"]
[Result "1-0"]
[WhiteElo "2151"]
[BlackElo "2189"]
[WhiteFideId "2052717"]
[BlackFideId "14004020"]
[EventDate "2025.06.17"]

1. e4 e6 2. d4 d5 3. e5 c5 4. c3 Qb6 5. Nf3 Nc6 6. Bd3 cxd4 7. O-O Bd7 8. Re1 a6
9. a3 Nge7 10. h4 dxc3 11. Nxc3 Qc7 12. h5 g6 13. Bg5 gxh5 14. Bf6 Rg8 15. Ng5
Bh6 16. Nxh7 Rg4 17. Bxe7 Kxe7 18. Nf6 Nxe5 19. Nfxd5+ exd5 20. Nxd5+ Kd6 21.
Nxc7 Kxc7 22. Rxe5 Bc6 23. f3 Rg3 24. Be4 Rag8 25. Qe2 Bb5 26. Qc2+ Kb8 27. Re7
f5 28. Qc7+ Ka8 29. Qxb7# 1-0

[Event "Titled Tue 17th Jun Late"]
[Site "chess.com INT"]
[Date "2025.06.17"]
[Round "7"]
[White "Bulgak, Damir"]
[Black "Suarez, Pedro"]
[Result "1-0"]
[WhiteTitle "CM"]
[BlackTitle "CM"]
[WhiteElo "2213"]
[BlackElo "2066"]
[WhiteFideId "13528882"]
[BlackFideId "3007642"]
[EventDate "2025.06.17"]

1. d4 Nf6 2. c4 g6 3. Nc3 Bg7 4. g3 O-O 5. Bg2 d6 6. Nf3 Nc6 7. O-O e5 8. d5 Ne7
9. e4 Ne8 10. b4 a5 11. Ba3 axb4 12. Bxb4 h6 13. c5 f5 14. cxd6 cxd6 15. Nd2 f4
16. Nb5 g5 17. Nc4 Rf6 18. f3 fxg3 19. hxg3 h5 20. a4 Rg6 21. a5 g4 22. f4 exf4
23. gxf4 Bxa1 24. Qxa1 h4 25. f5 Rf6 26. Ncxd6 Rxd6 27. Nxd6 Nxd6 28. Qf6 h3 29.
Bxd6 hxg2 30. Kxg2 Qxa5 31. Qg5+ 1-0

[Event "Titled Tue 17th Jun Late"]
[Site "chess.com INT"]
[Date "2025.06.17"]
[Round "7"]
[White "Nguyen, Ngoc Truong Son"]
[Black "Goryachkina, Aleksandra"]
[Result "1-0"]
[WhiteTitle "GM"]
[BlackTitle "GM"]
[WhiteElo "2600"]
[BlackElo "2533"]
[WhiteFideId "12401110"]
[BlackFideId "4147103"]
[EventDate "2025.06.17"]

1. e4 e6 2. d4 d5 3. e5 c5 4. c3 Nc6 5. Nf3 Nge7 6. Na3 Ng6 7. Nc2 Bd7 8. h4
cxd4 9. cxd4 h6 10. h5 Nge7 11. Bd3 Nf5 12. O-O Be7 13. Bd2 Rc8 14. b4 a6 15. a4
b5 16. axb5 axb5 17. Re1 Qb6 18. Bc3 O-O 19. Qe2 Rfd8 20. Ra3 Nxb4 21. Nxb4 Rxc3
22. Nxd5 exd5 23. Rxc3 Bb4 24. Qb2 Bxc3 25. Qxc3 b4 26. Qb2 Be6 27. Ra1 Ne7 28.
Nd2 Bf5 29. Be2 Rc8 30. Bd1 Bd3 31. Nb3 Nf5 32. Nc5 Bc4 33. Bg4 Nxd4 34. Na4 1-0

[Event "Titled Tue 17th Jun Late"]
[Site "chess.com INT"]
[Date "2025.06.17"]
[Round "7"]
[White "Avramidou, Anastasia"]
[Black "Ragger, Markus"]
[Result "1-0"]
[WhiteTitle "FM"]
[BlackTitle "GM"]
[WhiteElo "2294"]
[BlackElo "2566"]
[WhiteFideId "4239873"]
[BlackFideId "1610856"]
[EventDate "2025.06.17"]

1. Nf3 Nf6 2. c4 g6 3. Nc3 Bg7 4. d4 d5 5. h4 c6 6. cxd5 cxd5 7. Bg5 Ne4 8. e3
O-O 9. Bd3 Bf5 10. h5 Nxg5 11. Nxg5 Bxd3 12. Qxd3 e5 13. f4 exf4 14. exf4 Re8+
15. Kf1 Nc6 16. hxg6 hxg6 17. Rd1 Qd6 18. Rh4 Nxd4 19. Qh3 Re7 20. Rh8+ Bxh8 21.
Qh7+ Kf8 22. Qxh8# 1-0

[Event "Titled Tue 17th Jun Late"]
[Site "chess.com INT"]
[Date "2025.06.17"]
[Round "7"]
[White "Tinmaz, Kerem"]
[Black "Rasch, Holger"]
[Result "1-0"]
[WhiteTitle "FM"]
[BlackTitle "FM"]
[WhiteElo "2013"]
[BlackElo "2246"]
[WhiteFideId "44559151"]
[BlackFideId "4615670"]
[EventDate "2025.06.17"]

1. c4 c5 2. Nc3 b6 3. e4 Bb7 4. d3 Nc6 5. f4 e6 6. Nf3 d6 7. Be2 a6 8. O-O Qc7
9. Be3 Nf6 10. h3 Be7 11. Qd2 h6 12. Rae1 e5 13. fxe5 dxe5 14. Nd5 Nxd5 15. exd5
Nd4 16. Bd1 Nxf3+ 17. Bxf3 Bf6 18. b4 Qd6 19. bxc5 bxc5 20. Rb1 Bc8 21. Qa5 Be7
22. Rb6 Qd7 23. d6 1-0

[Event "Titled Tue 17th Jun Late"]
[Site "chess.com INT"]
[Date "2025.06.17"]
[Round "7"]
[White "Kosakowski, Jakub"]
[Black "Krawczyk, Flawian"]
[Result "1-0"]
[WhiteTitle "GM"]
[BlackTitle "CM"]
[WhiteElo "2548"]
[BlackElo "2247"]
[WhiteFideId "1185080"]
[BlackFideId "21881413"]
[EventDate "2025.06.17"]

1. e4 c5 2. Nf3 d6 3. Bc4 e6 4. O-O Nc6 5. Re1 Nf6 6. d3 Be7 7. a4 O-O 8. Nbd2
d5 9. Ba2 dxe4 10. dxe4 e5 11. c3 Bg4 12. h3 Bh5 13. Qe2 Qc7 14. Nf1 Rfe8 15.
Ng3 Bg6 16. Nh4 Bf8 17. Bg5 Nd7 18. Rad1 Nb6 19. Qc2 c4 20. Be3 Na5 21. Rd2 Bc5
22. Bxc5 Qxc5 23. Red1 Qc6 24. b4 cxb3 25. Bxb3 Nxb3 26. Qxb3 Qxa4 27. Qb1 Rac8
28. Ngf5 Rxc3 29. Rd8 Rc8 30. Ne7+ Kh8 31. Nxc8 Nxc8 32. Qb4 Qc6 33. Qf8+ 1-0

[Event "Titled Tue 17th Jun Late"]
[Site "chess.com INT"]
[Date "2025.06.17"]
[Round "7"]
[White "Muratov, Batyrkhan"]
[Black "Diaz Guerrero, Jesus Daniel"]
[Result "0-1"]
[WhiteTitle "FM"]
[BlackTitle "CM"]
[WhiteElo "2337"]
[BlackElo "2076"]
[WhiteFideId "13712667"]
[BlackFideId "3979288"]
[EventDate "2025.06.17"]

1. Nf3 Nf6 2. e3 d5 3. d4 g6 4. Bd3 Bg7 5. O-O O-O 6. b3 Nbd7 7. Bb2 c6 8. Nbd2
Re8 9. c4 Nf8 10. c5 Bg4 11. h3 Bxf3 12. Nxf3 N6d7 13. Ne5 Nxe5 14. dxe5 Nd7 15.
f4 Nxc5 16. Bc2 Ne4 17. Bxe4 dxe4 18. Qd4 Qxd4 19. exd4 f5 20. Rfd1 e6 21. Kf2
Red8 22. Ke3 Rd5 23. Rac1 Rad8 24. a4 Bf8 25. Rc4 c5 26. g4 Kf7 27. gxf5 gxf5
28. h4 h5 29. Rg1 cxd4+ 30. Bxd4 Rxd4 31. Rxd4 Bc5 32. Rd1 Rxd4 33. Rxd4 a5 0-1

[Event "Titled Tue 17th Jun Late"]
[Site "chess.com INT"]
[Date "2025.06.17"]
[Round "7"]
[White "Baylav, Can"]
[Black "Ismayilova, Khanim"]
[Result "1-0"]
[BlackTitle "WCM"]
[WhiteElo "2056"]
[BlackElo "1971"]
[WhiteFideId "6361293"]
[BlackFideId "13429019"]
[EventDate "2025.06.17"]

1. Nf3 Nf6 2. c4 e6 3. b3 d5 4. Bb2 c5 5. g3 Nc6 6. cxd5 exd5 7. Bg2 Be7 8. d4
O-O 9. O-O Be6 10. Nc3 Rc8 11. Rc1 c4 12. Nd2 cxb3 13. Qxb3 Na5 14. Qa4 Bd7 15.
Qd1 Be6 16. Na4 Nc4 17. Nxc4 Rxc4 18. Rxc4 dxc4 19. Bxb7 Bh3 20. Bg2 Bxg2 21.
Kxg2 Qd5+ 22. f3 Rb8 23. Nc3 Qa5 24. Qd2 Nd5 25. Rb1 Rxb2 26. Rxb2 Qxc3 27. Rb8+
Bf8 28. Qg5 Ne3+ 29. Kf2 Nd1+ 30. Kg2 Qxd4 31. Qe7 h6 32. Rxf8+ Kh7 33. Rxf7
Ne3+ 34. Kh3 Nf5 35. Qe4 Qxe4 36. fxe4 Nd6 37. Rd7 Nxe4 38. Rxa7 c3 39. Rc7 Kg6
40. Kg4 Kf6 41. Kf4 1-0

[Event "Titled Tue 17th Jun Late"]
[Site "chess.com INT"]
[Date "2025.06.17"]
[Round "7"]
[White "Ferriz Barrios, Andres"]
[Black "Yang, Daniel"]
[Result "0-1"]
[WhiteTitle "FM"]
[BlackTitle "CM"]
[WhiteElo "2102"]
[BlackElo "2198"]
[WhiteFideId "5104467"]
[BlackFideId "30976340"]
[EventDate "2025.06.17"]

1. d4 Nf6 2. Nf3 g6 3. g3 Bg7 4. Bg2 O-O 5. O-O b6 6. Ne5 d5 7. c4 c6 8. Nc3 Bb7
9. Qb3 Nfd7 10. cxd5 Nxe5 11. dxe5 cxd5 12. Nxd5 Bxe5 13. Nf6+ Bxf6 14. Bxb7 Nd7
15. Bxa8 Qxa8 16. Rd1 Nc5 17. Qf3 Qc8 18. Bh6 Re8 19. Rab1 Qe6 20. b3 Ne4 21.
Rbc1 Nd6 22. Bf4 Nf5 23. Qd5 Qxe2 24. Rd2 Qa6 25. Qc6 Rf8 26. Rcd1 Qa5 27. h4 h5
28. Rd8 e6 29. Rxf8+ Kxf8 30. Rd7 Be7 31. Qc8+ Kg7 32. Qe8 Qe1+ 33. Kg2 Qe4+ 34.
Kf1 Qb1+ 35. Kg2 Qe4+ 36. Kh2 Nxh4 0-1